Rozpoznaj znanego aktora po zdjęciu #2 - Statystyki

Ogólne statystyki
  • Ten quiz został rozwiązany 62 razy
  • Średni wynik to 8 z 20
Statystyki odpowiedzi
Obrazkowy Odpowiedź % Poprawnych
Brad Pitt
98%
Charlie Chaplin
94%
Johnny Depp
91%
Robin Williams
70%
Christian Bale
53%
Tom Hardy
53%
Kevin Spacey
49%
Jake Gyllenhaal
47%
Benedict Cumberbatch
43%
Edward Norton
43%
Matthew McConaughey
38%
Viggo Mortensen
34%
Hugh Laurie
32%
Aaron Paul
23%
James McAvoy
23%
Geoffrey Rush
13%
Henry Fonda
13%
Peter Dinklage
11%
Roberto Benigni
11%
Rainn Wilson
4%
Nie znaleziono quizów pasujących do podanych kryteriów
Rozkład punktacji
Procent ludzi z każdym wynikiem
Percentyl według liczby udzielonych odpowiedzi
Twoja historia wyników
Nie rozwiązałeś tego quizu